000 00647nam a2200205Ii 4500
003 JO-AjNU
008 230606s9999||||xx |||||||||||||| ||und||
020 _a978-0-393-32980-3
040 _aJO-AjNU
_beng
_erda
_cJO-AjNU
041 _aeng
050 1 4 _aPE1450.L85 2006
100 3 _aتأليفNoah,Lukeman,
_eauthor
_92168
245 0 2 _aA DASH OF STYLE:THE ART AND MASTERY OF PUNCTUATION
264 3 1 _aNew York: W.W.Norton&Company,2006
300 _a206p
336 _atext
_btxt
_2rdacontent
337 _aunmediated
_bn
_2rdamedia
338 _avolume
_bnc
_2rdacarrier
650 4 _aADASH OF STYLE-THE ART AND MASTERY OF PUNCTUATION
_92169
999 _aE1137
_c1137
_d1137